|
|
|
|
| LEADER |
01798nam a22003978i 4500 |
| 001 |
36460 |
| 003 |
BD-DhAAL |
| 005 |
20211123111754.0 |
| 008 |
191029t2019 enka b 001 0 eng |
| 999 |
|
|
|c 41618
|d 41618
|
| 010 |
|
|
|a 2019003479
|
| 020 |
|
|
|a 9781788924382 (hbk : alk. paper)
|
| 020 |
|
|
|z 9781788924405 (epub)
|
| 020 |
|
|
|z 9781788924412 (kindle)
|
| 040 |
|
|
|a DLC
|b eng
|c DLC
|e rda
|d BD-DhAAL
|
| 042 |
|
|
|a pcc
|
| 050 |
0 |
0 |
|a RJ496.L35
|b G74 2019
|
| 082 |
0 |
0 |
|a 618.92855
|2 23
|
| 245 |
0 |
0 |
|a Grammatical profiles :
|b further languages of LARSP /
|c edited by Martin J. Ball, Paul Fletcher and David Crystal.
|
| 260 |
|
|
|a Bristol ;
|a Blue Ridge Summit :
|b Multilingual Matters,
|c 2019
|
| 300 |
|
|
|a xix, 306 pages :
|b illustrations ;
|c 24 cm.
|
| 490 |
0 |
|
|a Communication disorders across languages ;
|v 18
|
| 504 |
|
|
|a Includes bibliographical references and index.
|
| 526 |
|
|
|a ENH
|
| 541 |
|
|
|a Karim International
|e 36460, 36758
|
| 650 |
|
0 |
|a Language disorders in children
|x Diagnosis.
|9 36571
|
| 650 |
|
0 |
|a Grammar, Comparative and general.
|9 36572
|
| 650 |
|
0 |
|a English language.
|9 43007
|
| 700 |
1 |
|
|a Ball, Martin J.
|q (Martin John),
|e editor.
|9 36573
|
| 700 |
1 |
|
|a Fletcher, Paul,
|d 1943-
|e editor.
|9 36574
|
| 700 |
1 |
|
|a Crystal, David,
|d 1941-
|e editor.
|9 36575
|
| 830 |
|
|
|a Communication disorders across languages ;
|9 36576
|
| 852 |
|
|
|a Ayesha Abed Library
|c General Stacks
|
| 942 |
|
|
|2 ddc
|c BK
|
| 952 |
|
|
|0 0
|1 0
|2 ddc
|4 0
|6 618_928550000000000_GRA
|7 0
|9 66820
|a BRACUL
|b BRACUL
|c GEN
|d 2019-10-17
|e Karim International
|g 16400.00
|l 0
|o 618.92855 GRA
|p 3010036460
|r 2019-10-17
|t 1
|v 16400.00
|w 2019-10-17
|y BK
|
| 952 |
|
|
|0 0
|1 0
|2 ddc
|4 0
|6 618_928550000000000_GRA
|7 0
|9 67214
|a BRACUL
|b BRACUL
|c GEN
|d 2019-11-19
|e Karim International
|g 16400.00
|l 0
|o 618.92855 GRA
|p 3010036758
|r 2019-11-19
|t 2
|v 16400.00
|w 2019-11-19
|y BK
|